| 000 | 00335nam a22001337a 4500 | ||
|---|---|---|---|
| 008 | 180201b xxu||||| |||| 00| 0 eng d | ||
| 020 | _a9780205323876 | ||
| 041 | _aeng | ||
| 080 |
_212th ed. _a371 |
||
| 100 | _a46 | ||
| 101 | _aEDU | ||
| 245 |
_aIntroduction to the Foundations of American Education _cJohnson, J.A |
||
| 942 |
_2udc _cBK |
||
| 999 |
_c41436 _d41436 |
||